Harry Styles Songs Sudden Death - Statistics

General Stats
  • This quiz has been taken 1,058 times
  • The average score is 9 of 13
Answers on the Grid
Answers color-coded by a green-red scale on the quiz's grid according to % correct below.
Sign of the Times
Never Enough
Strawberries
Cinema
Carolina
Take Me Home
Late Night Talking
To Be So Lonely
Only Angel
Fireproof
As It Was
New Angel
Heartbreaks
Sunflower vol.6
Music For A Sushi Restaurant
Sunflowers
Love Of My Life
Up All Night
Sledgehammer
Ever Since New York
Satellite
Dreaming
From The Dining Table
Better Than Words
 
Answer Stats
Answer % Correct
Sign of the Times
95%
As It Was
81%
Late Night Talking
76%
Carolina
75%
Only Angel
73%
Music For A Sushi Restaurant
71%
Satellite
71%
Love Of My Life
68%
Cinema
67%
Sunflower vol.6
63%
To Be So Lonely
63%
From The Dining Table
62%
Ever Since New York
57%
No matching quizzes found
Score Distribution
Percent of People with Each Score
Percentile by Number Answered
Your Score History
You have not taken this quiz